<The> development of second language proficiency

Gespeichert in:
Bibliographische Detailangaben
Weitere Verfasser: Harley, Birgit
Format: Buch
Sprache:Englisch
Veröffentlicht: Cambridge Cambridge University Press 1990
Schriftenreihe:Cambridge applied linguistics
Schlagworte:
Tags: Tag hinzufügen
Keine Tags, Fügen Sie das erste Tag hinzu!

MARC

LEADER 00000nam a2200000 4500
001 0193627
005 20240111123403.4
020 |a 0-521-38795-7 (paperback) 
020 |a 0-521-38410-9 (hardback) 
041 0 |a eng 
044 |a GB 
245 1 0 |a <The> development of second language proficiency  |c edited by: Birgit Harley ... [et al.] 
264 1 |a Cambridge  |b Cambridge University Press  |c 1990 
300 |a 248 s. 
490 1 |a Cambridge applied linguistics 
830 0 |a Cambridge applied linguistics 
610 2 0 |a jazykoveda 
610 2 0 |a jazyky cudzie 
610 2 0 |a vyučovanie 
610 2 0 |a vzdelávanie 
610 2 0 |a pedagogika 
610 2 0 |a učitelia 
610 2 0 |a študenti 
610 2 0 |a projekty 
610 2 0 |a výskum 
610 2 0 |a analýzy 
610 2 0 |a prognózy 
700 1 |a Harley, Birgit